00604nam a2200193Ia 4500003000900000008004100009020001800050040001600068080001700084245010900101260003400210300001300244650003000257650004100287650001800328650002200346650002300368700001900391IN-BaIIA211028s9999 xx 000 0 eng d a3-540-09036-3 cIIA Library a535.375bRAM 0aRaman spectroscopy of gases and liquidscedited by A. Weber  aBerlinbSpringer-Verlagc1979 ax, 318p. aAstronomical spectroscopy aAstronomy and astrophysics thesaurus aGases spectra aMolecular spectra aRaman spectroscopy aWeber, A., ed.